书目信息 |
| 题名: |
世界著名科幻故事集
|
|
| 作者: | 金涛 主编 ;凡尔纳 著 | |
| 分册: | 凡尔纳科幻小说专集 | |
| 出版信息: | 北京 中国少年儿童出版社 1994 |
|
| 页数: | 266页 | |
| 开本: | 19cm | |
| 丛书名: | 科幻故事大世界 | |
| 单 册: | ||
| 中图分类: | I18 , I14 | |
| 科图分类: | 42.88 | |
| 主题词: | 儿童文学-科学故事--世界--选集 , 科学故事-儿童文学--世界--选集 , 小说--作品集--世界 | |
| 电子资源: | ||
| ISBN: | 7-5007-1008-9 | |
| 000 | 00929nam2 2200301 45 | |
| 001 | 1571534211 | |
| 005 | 20150128195333.96 | |
| 010 | @a7-5007-1008-9@dCNY9.60 | |
| 100 | @a19980515d1994 am y0chiy0121 ea | |
| 101 | 0 | @achi |
| 102 | @aCN@b110000 | |
| 105 | @af z 000ay | |
| 200 | 10 | @a世界著名科幻故事集@Ashi jie zhu ming ke huan gu shi ji@i凡尔纳科幻小说专集@f金涛主编@g凡尔纳著 |
| 210 | @a北京@c中国少年儿童出版社@d1994@h1997印 | |
| 215 | @a266页@c插图@d19cm | |
| 225 | 2 | @a科幻故事大世界 |
| 410 | 0 | @120010@a科幻故事大世界 |
| 517 | 1 | @a凡尔纳科幻小说专集@Afan er na ke huan xiao shuo zhuan ji |
| 606 | @a儿童文学-科学故事@y世界@x选集 | |
| 606 | @a科学故事-儿童文学@y世界@x选集 | |
| 606 | 0 | @a小说@x作品集@x世界 |
| 690 | @aI18@v3 | |
| 690 | @aI14@v4 | |
| 692 | @a42.88@v2 | |
| 701 | 0 | @a金涛@Ajin tao@4主编 |
| 702 | 1 | @a凡尔纳@Afan er na@4著 |
| 801 | 0 | @aCN@bTSSF@c20150128 |
| 905 | @aZUCC@dI14@eJY98 | |
| 世界著名科幻故事集.凡尔纳科幻小说专集/金涛主编/凡尔纳著.-北京:中国少年儿童出版社,1994(1997印) |
| 266页:插图;19cm.-(科幻故事大世界) |
| ISBN 7-5007-1008-9:CNY9.60 |
| ● |
| 相关链接 |
|
|
|
|
正题名:世界著名科幻故事集
索取号:I14/JY98
 
预约/预借
| 序号 | 登录号 | 条形码 | 馆藏地/架位号 | 状态 | 备注 |
| 1 | 7838679 | 278386792 | 学院路分馆/ [索取号:I14/JY98] | 在馆 |